Riconosci il Pokémon - Quiz n°977 - Statistics

Statistiche generali
  • Questo quiz è stato fatto 0 volte
  • Il punteggio medio è 0 su 10
Statistiche sulle risposte
Indizio Risposta % Corretto
Sesso 100% ♂
0%
Altezza 1,5 m
0%
Tasso di cattura 45 (11.9%)
0%
Peso 49,8 kg
0%
Pokémon Hitmonlee
0%
Tipo Lotta
0%
Tasso di allevamento Medio-Veloce
0%
Generazione Prima
0%
Stadio evoluzione Prima evoluzione
0%
Abilità Scioltezza; Temerarietà; Agiltecnica
0%
Nessun quiz corrispondente trovato
Distribuzione punteggi
Percentuale di utenti per punteggio
Percentile per numero di risposta
I tuoi punteggi nel tempo
Non hai fatto questo quiz